00369nam a22001217a 450000500170000002000230001703500130004003700130005310000200006624500940008626000480018030000190022820120501114958.0 a8171003125c00..00 aA-465502 aDPLbENG aKapoor, Suneera aSri Aurobindo Ghosh and Bal Gangadhar Tilak :bThe spirit of freedom /cby Suneera Kapoor aNew DelhibDeep and Deep Publicationsc1991 a142p.c18 cms.